Pokémon - Les attaques de Poichigeon - Statistiques

Statistiques générales
  • Ce quiz a été pris 10 fois
  • Le résultat moyen est 10 sur 13
Statistiques - réponses
Niveaux Types Noms des attaques % Correct
Niveau 36 Vol Atterrissage
100%
Départ Normal Rugissement
100%
Niveau 8 Normal Vive-Attaque
100%
Niveau 24 Vol Danse Plumes
80%
Niveau 28 Combat Détection
80%
Niveau 32 Vol Lame d'Air
80%
Niveau 44 Vol Piqué
80%
Départ Vol Tornade
80%
Niveau 16 Vol Tranch'Air
80%
Niveau 40 Vol Vent Arrière
80%
Niveau 12 Ténèbres Provoc
60%
Niveau 20 Normal Vantardise
60%
Niveau 4 Normal Groz'Yeux
40%
Aucun quiz correspondant
Distribution des résultats
% des personnes avec chaque résultat
Percentile par nombre de réponses
Votre historique - résultats
Vous n’avez pas pris ce quiz